La condición masculina / (Record no. 150384)

MARC details
000 -LEADER
campo de control de longitud fija 00578nam a2200181 i 4500
001 - NÚMERO DE CONTROL
campo de control 150384
003 - IDENTIFICADOR DE NÚMERO DE CONTROL
campo de control ES-MaACL
005 - FECHA Y HORA DE LA ÚLTIMA TRANSACCIÓN
campo de control 20230906203505.0
007 - CAMPO FIJO DE DESCRIPCIÓN FÍSICA--INFORMACIÓN GENERAL
campo de control de longitud fija t|
008 - DATOS DE LONGITUD FIJA--INFORMACIÓN GENERAL
campo de control de longitud fija 071030s1973 sp ||||1| spa d
100 1# - ENTRADA PRINCIPAL--NOMBRE DE PERSONA
Nombre de persona Valabregue, Catherine.
9 (RLIN) 112442
245 13 - MENCIÓN DEL TÍTULO
Título La condición masculina /
Mención de responsabilidad, etc. Catherine Valabregue ; [traducción de Joaquín Fernández Bernaldo de Quirós].
250 ## - MENCION DE EDICION
Mención de edición [1ª ed.].
260 ## - PUBLICACIÓN, DISTRIBUCIÓN, ETC.
Lugar de publicación, distribución, etc. Madrid :
Nombre del editor, distribuidor, etc. Sala,
Fecha de publicación, distribución, etc. [1973]
300 ## - DESCRIPCIÓN FÍSICA
Extensión 130 p. ;
Dimensiones 24 cm.
700 1# - ENTRADA AGREGADA--NOMBRE PERSONAL
Nombre de persona Fernández Bernaldo de Quirós, Joaquín.
9 (RLIN) 49513
852 ## - LOCALIZACIÓN
Ubicación ES-MaACL
Número de control de estantería C-51988
Sublocalización o colección R.85408
Holdings
Estatus retirado Estado de pérdida Estado de daño No para préstamo Biblioteca de origen Biblioteca actual Ubicación en estantería Fecha de adquisición Fuente de adquisición Total de préstamos Signatura topográfica completa Código de barras Visto por última vez Precio de reemplazo Tipo de ítem Koha
        Biblioteca del Ateneo de Madrid Biblioteca del Ateneo de Madrid Depósito 2 17/01/2008     C-51988 1156924 23/02/2023 23/02/2023 Libro impreso